000 00240nam a2200097Ia 4500
008 240625s9999 xx 000 0 und d
041 _aeng
082 _a808.20 MAS
100 _aMASKE AMISH
245 _aSTUDY ON REVENUE GROWTH AND EFFECTS OF P
999 _c35626
_d35626